000 02157nam a2200217Ia 4500
003 Ost
005 20260507075058.0
008 260507s9999||||xx |||||||||||||| ||und||
040 _cfsecg
041 _aara
082 _a382
100 _aشيحة، مصطفى رشدي
_eمؤلف
245 0 _aالأسواق الدولية :
_bالمفاهيم والنظريات والسياسات /
_c مصطفى رشدي شيحة
260 _aالإسكندرية:
_bدار الجامعة الجديدة,
_c[دون تاريخ]
300 _a195 صفحة؛
_bإيضاحات ؛
_c24 سم
504 _aببليوغرافيا الفصل الأول ص.56؛ببليوغرافيا الفصل الثاني ص.128؛ ببليوغرافيا الفصل الثالث ص.187
520 _aالتعريف بمفهوم السوق الدولية ومظاهر العولمة الاقتصادية،مفهوم السوق الدولية،ظروف نشأة السوق الدولية،موضوعات السوق الدولية،الإطراف المتعاملة في السوق الدولية،خصائص السوق الدولية وتنظيماته ووظائفه،النظريات المفسرة للتجارة بالأسواق الدولية،النظرية التقليدية(المزايا المطلقة)،النظرية التقليدية (المزايا النسبية)،تفسيرهذه النظرية لقيام التجارة الدولية من خلال الاستخدام الأمثل للموارد،النظرية التقليدية(الطب المتبادل)،النظرية الراهنة في عبارات نقدية،حدود النظرية التقليدية،النظرية النيوكلاسيكية،النظرية الحديثة لتفسير التجارة الدولية(النظرية السويدية)،السياسات التجارية الموجهة للأسواق الدولية،سياسات حرية التجارة،السياسات التجارية للدول النامية،السياسات التجارية للدول المتقدمة
653 _aالأسواق المالية
653 _aالتجارة الخارجية
942 _cكتاب
999 _c42762
_d42762